Química elemental moderna. parte orgánica /

Guardado en:
Autor Principal: Celsi, Santiago A.
Formato: Libro
Publicado: Buenos Aires : Kapelusz, 1957
Edición:11a. ed.
Materias:
Etiquetas: Agregar Etiqueta
Sin Etiquetas, Sea el primero en etiquetar este registro!
LEADER 00621nam a22001935a 4500
001 CEM.cems001526
005 20060214000000.0
008 130507s1957##################000#0#####d
003 CEMS
082 0 4 |a 547 
100 1 |a Celsi, Santiago A. 
245 1 0 |a Química elemental moderna. parte orgánica / 
250 |a 11a. ed. 
260 |a Buenos Aires :  |b Kapelusz,  |c 1957 
300 |a 390 p. 
653 |a Quimica elemental 
859 |a CEMS  |b BIB. CEMS - 11 de abril  |h 547  |i C33a11  |p 6013.77  |t Ej.1 
859 |a CEMS  |b BIB. CEMS - 11 de abril  |h 547  |i C33a11  |p 6015.77  |t Ej.2 
859 |a CEMS  |b BIB. CEMS - 11 de abril  |h 547  |i C33a11  |p 6016.77  |t Ej.3